All 10k Plus Towns in South West England - Statistics

General Stats
  • This quiz has been taken 17 times
  • The average score is 38 of 95
Answer Stats
Town/City Population % Correct
Bath 98,619
93%
Bristol 444,562
93%
Exeter 133,312
93%
Plymouth 274,607
93%
Bournemouth 202,552
86%
Gloucester 124,566
86%
Swindon 191,392
86%
West Moors 10,244
86%
Yeovil 51,778
86%
Cheltenham 118,619
79%
Torquay 52,266
79%
Truro 24,271
79%
Penzance 14,887
71%
Poole 143,418
71%
Salisbury 49,217
71%
Weston-Super-Mare 86,820
71%
Barnstaple 32,646
64%
Dorchester 22,613
64%
Exmouth 36,204
64%
Falmouth 24,298
64%
Paignton 68,334
64%
Taunton 64,181
64%
Weymouth 56,384
64%
Bideford 19,826
57%
Brixham 17,703
57%
Frome 28,302
57%
Newquay 24,976
57%
Portishead 26,542
57%
Tiverton 19,853
57%
Wells 12,956
57%
Cirencester 17,967
50%
Minehead 11,882
50%
St Austell 24,539
50%
Teignmouth 15,387
50%
Bodmin 17,575
43%
Bridgwater 50,349
43%
Chippenham 37,849
43%
Saltash 15,391
43%
Tavistock 13,598
43%
Trowbridge 43,909
43%
Wellington 14,561
43%
Yate 30,762
43%
Christchurch 48,826
36%
Clevedon 21,183
36%
Honiton 12,964
36%
Liskeard 11,703
36%
Newton Abbot 30,529
36%
Redruth 16,113
36%
Street 12,903
36%
Stroud 26,560
36%
Warminster 18,703
36%
Cambourne 21,076
29%
Chard 14,616
29%
Dawlish 11,823
29%
Helston 11,344
29%
Ivybridge 12,674
29%
Keynsham 20,584
29%
Nailsea 16,313
29%
Sherborne 10,933
29%
Blandford Forum 12,178
21%
Bradford-on-Avon 10,017
21%
Bridport 12,486
21%
Burnham-on-Sea 16,114
21%
Calne 20,249
21%
Devizes 19,923
21%
Filton 11,701
21%
Melksham 18,552
21%
Midsomer Norton 13,844
21%
Royal Wootton Bassett 13,146
21%
Sidmouth 13,397
21%
Tewkesbury 14,819
21%
Westbury 17,638
21%
Bradley Stoke 25,745
14%
Brockworth 13,964
14%
Ferndown 13,428
14%
Kingsteignton 12,286
14%
Kingswood 166,748
14%
Lydney 10,728
14%
Penryn 11,868
14%
Quedgeley 22,305
14%
Radstock 10,216
14%
Stoke Gifford 16,719
14%
Thornbury 15,168
14%
Verwood 13,926
14%
Amesbury 13,548
7%
Bishop's Cleeve 17,446
7%
Corsham 11,252
7%
Frampton Cotterell 14,924
7%
Gillingham 11,379
7%
Patchway 18,255
7%
Stratton St Margaret 20,922
7%
Tidworth 10,940
7%
Churchdown 15,114
0%
Corfe Mullen 10,312
0%
Wimborne Minster 17,595
0%
No matching quizzes found
Score Distribution
Percent of People with Each Score
Percentile by Number Answered
Your Score History
You have not taken this quiz